000 00344pam a2200157a 44500
008 230515b2005 xxu||||| |||| 00| 0 eng d
020 _aNULL
041 _aENG
082 _aNULL
100 _aRAMAMRUTHAM S & NARAYAN R
245 _aTHEORY OF STRUCTURES
250 _a8
260 _aNULL
_bNULL
_c2005
300 _a1428
650 _aNULL
999 _c477314
_d477314